OpenGL reference manual : the official reference document for OpenGL, release 1

Αποθηκεύτηκε σε:
Λεπτομέρειες βιβλιογραφικής εγγραφής
Συγγραφή απο Οργανισμό/Αρχή: OpenGL Architecture Review Board
Μορφή: Βιβλίο
Γλώσσα:English
Δημοσίευση: Reading, Mass. : Addison-Wesley, c1993
Θέματα:
Ετικέτες: Προσθήκη ετικέτας
Δεν υπάρχουν, Καταχωρήστε ετικέτα πρώτοι!

MARC

LEADER 00000nam a2200000 i 4500
001 1/102980
008 000405s1992 eng d
020 |a 0201632764 
035 |l 10058295 
040 |a GR-MY-UA  |b gre  |e aacr 
041 0 |a eng 
082 0 |a 006.66 
245 1 0 |a OpenGL reference manual :  |b the official reference document for OpenGL, release 1 /  |c OpenGL Architecture Review Board 
260 |a Reading, Mass. :   |b Addison-Wesley,   |c c1993 
300 |a ix, 388 p.;  |b ill.;  |c 24 cm. 
500 |a Incluse 1 folded sheet entitled the OpenGL machine 
504 |a Includes index 
630 0 0 |a OpenGL. 
650 0 0 |a Computer graphics. 
650 0 0 |a User interfaces (Computer systems) 
710 2 |a OpenGL Architecture Review Board. 
852 |a INST  |b SAMOS  |e 20000405  |h 006.66 OPE  |p 005300018144  |q 005300018144  |t BK  |y 0 
901 |a BIBL3-2000-1 
909 |a Σ  |b 074039 
922 |a 3ΕΛΗ  |b 200001  |c ΤΠΕΣ  |d ΠΑΠΑΣΩΤΗΡΙΟΥ 
950 |a 133-1999-07-20 
970 |a ΓΕΝΟΥΖΟΥ  |b ΧΡΥΣΑΝΘΗ  |z 2000/04/05